[Álbum de 10 caricaturas de personalidades célebres mexicanas contemporáneas] [ (Record no. 73892)

MARC details
000 -LEADER
campo de control de longitud fija 01178nkm a2200217 i 4500
001 - NÚMERO DE CONTROL
campo de control 73892
003 - IDENTIFICADOR DE NÚMERO DE CONTROL
campo de control ES-MaACL
005 - FECHA Y HORA DE LA ÚLTIMA TRANSACCIÓN
campo de control 20241114110928.0
007 - CAMPO FIJO DE DESCRIPCIÓN FÍSICA--INFORMACIÓN GENERAL
campo de control de longitud fija kd cb
008 - DATOS DE LONGITUD FIJA--INFORMACIÓN GENERAL
campo de control de longitud fija 040913q1917 sp --- |00 ||spa d
100 1# - ENTRADA PRINCIPAL--NOMBRE DE PERSONA
Nombre de persona González.
9 (RLIN) 58268
245 11 - MENCIÓN DEL TÍTULO
Título [Álbum de 10 caricaturas de personalidades célebres mexicanas contemporáneas] [
Medio Material gráfico] /
Mención de responsabilidad, etc. González.
260 ## - PUBLICACIÓN, DISTRIBUCIÓN, ETC.
Lugar de publicación, distribución, etc. [S.l. :
Nombre del editor, distribuidor, etc. s.n.,
Fecha de publicación, distribución, etc. 1917?]
300 ## - DESCRIPCIÓN FÍSICA
Extensión 1 álbum (10 dibujos sobre cartulina) :
Otras características físicas pluma y tintas colores ;
Dimensiones imagen 10 x 19 cm.
500 ## - NOTA GENERAL
Nota general Caricaturas firmadas por "González 1917", pegadas en cartulina marrón doblada en forma de fuelle (29 x 1,95 cm). Nombres de retratados, a plumilla, bajo la imagen y subrayados en blanco.
505 8# - NOTA DE CONTENIDO CON FORMATO
Nota de contenido con formato Contiene: 1. Porfirio Díaz - 2. Francisco León de la Barra - 3. Francisco I. Madero - 4. Pedro Lascuráin Paredes - 5. Victoriano Huerta - 6. Francisco Carvajal - 7. Venustiano Carranza - 8. Eulalio Gutiérrez Ortiz - 9. Roque González Garza - 10. Francisco Lagos Cházaro
650 #4 - PUNTO DE ACCESO ADICIONAL DE MATERIA--TÉRMINO DE MATERIA
Término de materia o nombre geográfico como elemento de entrada Mexicanos-
Subdivisión cronológica S.XX-
Subdivisión de forma Caricaturas y dibujos humorísticos.
9 (RLIN) 163867
852 4# - LOCALIZACIÓN
Ubicación ES-MaACL
Número de control de estantería 1570-F-12
942 ## - ELEMENTOS DE ENTRADA SECUNDARIOS (KOHA)
Fuente del sistema de clasificación o colocación Clasificación decimal universal
Tipo de ítem Koha Grabado
Holdings
Estatus retirado Estado de pérdida Fuente del sistema de clasificación o colocación Estado de daño No para préstamo Colección Biblioteca de origen Biblioteca actual Ubicación en estantería Fecha de adquisición Total de préstamos Signatura topográfica completa Código de barras Visto por última vez Precio de reemplazo Tipo de ítem Koha
    Clasificación decimal universal     Colección de folletos Biblioteca del Ateneo de Madrid Biblioteca del Ateneo de Madrid Depósito folletos 17/01/2008   1570-F-12 1077347 23/02/2023 23/02/2023 Grabado